000 00998nam a22002537a 4500
005 20170123164157.0
010 _aB-065814
020 _c140.00
_a8175991259
035 _aB-065814
037 _bCen Lib/Ret
040 _aDPL
_bPN
082 _a910 .4
_bਸਤਿਆ
100 _aਸਤਿਆਰਥੀ, ਦੇਵਿੰਦਰ
_9133883
245 _aਮੇਰੇ ਸਫ਼ਰ ਦੀਆਂ ਯਾਦਾਂ /
_cਦੇਵਿੰਦਰ ਸਤਿਆਰਥੀ
246 _aMera rusi safarname /
_bby Balraj Sahani
260 _aਨਵੀਂ ਦਿੱਲੀ
_bਨਵਯੁਗ ਪਬਲਿਸ਼ਰਜ਼
270 _ak-24, ਹੋਜ਼ ਖ਼ਾਸ਼
_bਨਵੀਂ ਦਿੱਲੀ
_e110016
300 _a149p ;
_c20cm
650 _a ਭਾਰਤ ਨੂੰ -- ਵੇਰਵਾ ਅਤੇ ਯਾਤਰਾ
_9133884
650 _aਯਾਤਰਾ
_9133885
650 _aIndia -- Description and travel
_926587
650 _a travel
_925007
942 _2ddc
_cPN
_h910.4
_mਸਤਿਆ
999 _c110782
_d110782